000 01768nkm a2200433 c 4500
999 _c211765
_d211765
003 BLK
005 20241129115453.0
008 180413b bul rap|r|||| r0| ||bulo|
010 _aKNG00188691000
020 _a978-954-660-076-9
040 _aBLK
041 _aBUL
_cBUL
072 7 _2bullib
_aН86
_xДетска отраслова литература Н
080 _aОснови на четенето. Методи на обучение в четенето
_b372.41
_z372.41
080 _aЗанимания в предучилищна възраст
_b372.3
_z372.3
080 _aИздания за деца и юноши. Книжки-картинки. Читанки. Вж и 372.4
_b087.5
_z087.5
139 _aВесела азбука за най-малките
_bВ 51
245 1 0 _aВесела азбука за най-малките
_cхудож. Кирил Танев Танев.
257 _aBGR
260 _bПАН
_c2011
_fСофия : Циан
300 _a24 с.
_bс цв. ил.
_c17 см
380 _aDN
500 _aКор. опис. - Името на ил. отбелязано в изд. каре.
650 4 _aАзбука
_9146594
650 4 _aКнижки-картинки
_9267880
653 _aазбука
653 _aкнижки-картинки
653 _aлитература за деца
653 _aдетска литература
659 _aН
700 1 _aТанев, Кирил Танев
_eхудож.
_9378444
852 _aЦб І 39184
856 4 _qpdf
_u
856 4 _qpdf
_u
942 _cGRA
_n0
_04
_s1
944 _aCR
_c24.06.2016
_lИва Цветкова
_k30543
944 _aED
_c23.12.2016
_lф /
_kЛюдмила_Стоянова
999 _d211765